Prestaciones de la seguridad social por contingencias profesionales

Bibliographic Details
Main Author: Ginš i Fabrellas, Anna
Format: Book
Language:Spanish
Published: Albacete : Bomarzo, 2012
Series:Bs̀icos de derecho social ; 61
Subjects:
Online Access:Acceso restringido

MARC

LEADER 00000nam a2200000 a 4500
005 20120917173125.0
007 cr|||| ||||
008 120713s2012 sp f b 000 0 spa c
017 |a DL AB. 239-2012 
020 |a 9788415000587  
035 |a 6680 
040 |d vLex 
080 |a 349.2(460) 
090 |c 3427  |d 3427 
100 1 |a Ginš i Fabrellas, Anna 
245 1 0 |a Prestaciones de la seguridad social por contingencias profesionales   |h [Recurso electrn̤ico] /  |c Anna Gins̈ i Fabrellas 
256 |a Servicio en ln̕ea 
260 |a Albacete :  |b Bomarzo,  |c 2012 
300 |a 1 recurso electrn̤ico 
506 1 |a Contenido solo disponible en los productos indicados  |d vLex Global   |d vLex Global (Academic Edition, excluding Law Schools)   |d vLex Global (U.S. Academic Edition, Law Schools)   |d vLex Global (U.S. Academic Edition, excluding Law Schools)   |d vLex Global (Academic Edition, Law Schools)  
650 0 4 |a Seguridad social  |z Espaą 
650 0 4 |a Derecho del trabajo  |x Legislacin̤  |z Espaą 
650 0 4 |a Trabajo  |x Accidentes  |z Espaą 
740 0 |a vLex Libros (Servicio en ln̕ea) 
830 0 |a Bs̀icos de derecho social ;  |v 61 
856 4 0 |u http://vlex.com/source/prestaciones-seguridad-social-contingencias-profesionales-6680  |z Acceso restringido 
942 |c BOOK 
999 0 |a Social security 
999 0 |a Labor laws and legislation 
999 0 |a Labor